Etats des Etats-Unis par population - Statistiques

Statistiques générales
  • Ce quiz a été pris 319 fois
    272 depuis la dernière actualisation
  • Le résultat moyen est 16 sur 50
Statistiques - réponses
Population Etats % Correct
39 536 639 Californie
99%
28 304 531 Texas
92%
20 987 141 Floride
85%
19 875 374 New York
81%
12 850 621 Pennsylvanie
63%
12 811 624 Illinois
60%
11 658 981 Ohio
51%
10 273 524 Caroline du Nord
47%
10 429 378 Géorgie
47%
9 973 145 Michigan
39%
563 987 Wyoming
38%
779 210 Alaska
37%
625 310 Vermont
31%
8 001 254 Virginie
31%
7 152 142 Washington
31%
8 794 152 New Jersey
29%
1 149 871 Rhode Island
29%
6 931 152 Arizona
28%
759 810 Dakota du Nord
27%
1 697 541 Hawaï
27%
998 742 Montana
27%
845 101 Dakota du Sud
26%
6 489 402 Indiana
25%
897 349 Delaware
24%
1 431 210 Maine
24%
6 547 511 Massachusetts
24%
4 772 521 Alabama
22%
4 325 678 Caroline du Sud
22%
4 675 142 Louisiane
22%
1 741 203 Idaho
21%
3 177 822 Iowa
21%
5 998 927 Missouri
21%
1 317 986 New Hampshire
21%
3 831 581 Oregon
21%
6 342 152 Tennessee
21%
3 554 120 Utah
21%
5 607 1561 Colorado
19%
5 303 925 Minnesota
19%
3 751 420 Connecticut
18%
5 773 541 Maryland
18%
1 817 631 Nebraska
18%
3 657 891 Arkansas
17%
4 339 874 Kentucky
17%
3 050 415 Nevada
17%
1 875 543 Virginie-Occidental
17%
5 689 214 Wisconsin
17%
2 756 031 Mississippi
16%
3 799 451 Oklahoma
16%
3 444 998 Kansas
15%
3 210 514 Nouveau-Mexique
14%
Aucun quiz correspondant
Distribution des résultats
% des personnes avec chaque résultat
Percentile par nombre de réponses
Votre historique - résultats
Vous n’avez pas pris ce quiz depuis la dernière actualisation